Normal view MARC view
  • TCP/IP

Entry Topical Term

Number of records used in: 3

001 - CONTROL NUMBER

  • control field: 63793

003 - CONTROL NUMBER IDENTIFIER

  • control field: NUST

005 - DATE AND TIME OF LATEST TRANSACTION

  • control field: 20210628203158.0

008 - FIXED-LENGTH DATA ELEMENTS

  • fixed length control field: 210628|| aca||aabn | a|a d

040 ## - CATALOGING SOURCE

  • Original cataloging agency: NUST
  • Transcribing agency: NUST

150 ## - HEADING--TOPICAL TERM

  • Topical term or geographic name entry element: TCP/IP

670 ## - SOURCE DATA FOUND

  • Source citation: Work cat.: (NUST): Comer, Douglas E, Stevens, David L 62480, Internetworking with tcp/ip vol-ii , design, implementation,and internals, 2001
© 2023 Central Library, National University of Sciences and Technology. All Rights Reserved.